<?xml version="1.0" encoding="UTF-8"?>
<record
    xmlns:xsi="http://www.w3.org/2001/XMLSchema-instance"
    xsi:schemaLocation="http://www.loc.gov/MARC21/slim http://www.loc.gov/standards/marcxml/schema/MARC21slim.xsd"
    xmlns="http://www.loc.gov/MARC21/slim">

  <leader>02046nam a22003137a 4500</leader>
  <controlfield tag="001">8629</controlfield>
  <controlfield tag="003">FISKH</controlfield>
  <controlfield tag="005">20251007101737.0</controlfield>
  <controlfield tag="008">251007b        cb ||||| |||| 00| 0 eng d</controlfield>
  <datafield tag="020" ind1=" " ind2=" ">
    <subfield code="a">9789996301209</subfield>
  </datafield>
  <datafield tag="040" ind1=" " ind2=" ">
    <subfield code="a">FISKH</subfield>
    <subfield code="b">khr</subfield>
    <subfield code="c">FISKH</subfield>
    <subfield code="d">FISKH</subfield>
  </datafield>
  <datafield tag="050" ind1=" " ind2=" ">
    <subfield code="a">PZ7</subfield>
  </datafield>
  <datafield tag="082" ind1=" " ind2=" ">
    <subfield code="a">895</subfield>
  </datafield>
  <datafield tag="100" ind1=" " ind2=" ">
    <subfield code="a">Seap, Kol</subfield>
  </datafield>
  <datafield tag="245" ind1=" " ind2=" ">
    <subfield code="a">&#x1781;&#x17D2;&#x1798;&#x17C5;&#x178A;&#x17C3;&#x1798;&#x17BD;&#x1799;&#x178A;&#x17BE;&#x1798;  :</subfield>
    <subfield code="b">One pencil /</subfield>
    <subfield code="c">&#x1793;&#x17B7;&#x1796;&#x1793;&#x17D2;&#x1792;&#x178A;&#x17C4;&#x1799; &#x17A2;&#x17D2;&#x1793;&#x1780;&#x179F;&#x17D2;&#x179A;&#x17B8; &#x1780;&#x17BB;&#x179B; &#x179F;&#x17C0;&#x1794; ,&#x200B; &#x1780;&#x17C2;&#x179F;&#x1798;&#x17D2;&#x179A;&#x17BD;&#x179B;&#x178A;&#x17C4;&#x1799; &#x17A2;&#x17D2;&#x1793;&#x1780;&#x179F;&#x17D2;&#x179A;&#x17B8; &#x1782;&#x17B9;&#x1798;&#x179F;&#x17CA;&#x17BB;&#x1793; &#x179F;&#x17BB;&#x1792;&#x17B6;&#x179A;&#x17B8;&#x200B;</subfield>
  </datafield>
  <datafield tag="260" ind1=" " ind2=" ">
    <subfield code="a">Phnom Penh : </subfield>
    <subfield code="b">Reading Books , </subfield>
    <subfield code="c">2010. </subfield>
  </datafield>
  <datafield tag="300" ind1=" " ind2=" ">
    <subfield code="a">20 pages :</subfield>
    <subfield code="b">color illustrations ;</subfield>
    <subfield code="c">25 cm . </subfield>
  </datafield>
  <datafield tag="490" ind1=" " ind2=" ">
    <subfield code="a">&#x1796;&#x17B7;&#x1797;&#x1796;&#x179A;&#x17BF;&#x1784;&#x1793;&#x17B7;&#x1791;&#x17B6;&#x1793;</subfield>
  </datafield>
  <datafield tag="505" ind1=" " ind2=" ">
    <subfield code="a">J 
</subfield>
  </datafield>
  <datafield tag="520" ind1=" " ind2=" ">
    <subfield code="a">&#x179A;&#x17BF;&#x1784;&#x1793;&#x17C1;&#x17C7;&#x1785;&#x1784;&#x17CB;&#x17A2;&#x1794;&#x17CB;&#x179A;&#x17C6;&#x178A;&#x179B;&#x17CB;&#x1794;&#x17D2;&#x17A2;&#x17BC;&#x1793;&#x17D7;&#x1780;&#x17BB;&#x1798;&#x17B6;&#x179A;&#x1785;&#x17C1;&#x17C7;&#x1781;&#x17B7;&#x178F;&#x1781;&#x17C6;&#x1796;&#x17D2;&#x1799;&#x17B6;&#x1799;&#x17B6;&#x1798;&#x1791;&#x1791;&#x17BD;&#x179B;&#x1781;&#x17BB;&#x179F;&#x178F;&#x17D2;&#x179A;&#x17BC;&#x179C;&#x178A;&#x17C4;&#x1799;&#x1781;&#x17D2;&#x179B;&#x17BD;&#x1793;&#x17AF;&#x1784; &#x1791;&#x17B6;&#x17C6;&#x1784;&#x1780;&#x17B6;&#x179A;&#x179A;&#x17C0;&#x1794;&#x1785;&#x17C6;&#x1791;&#x17BB;&#x1780;&#x178A;&#x17B6;&#x1780;&#x17CB;&#x179F;&#x17C6;&#x1797;&#x17B6;&#x179A;&#x17C7;&#x1795;&#x17D2;&#x1791;&#x17B6;&#x179B;&#x17CB;&#x1781;&#x17D2;&#x179B;&#x17BD;&#x1793; &#x1780;&#x17B6;&#x179A;&#x178F;&#x179F;&#x17CA;&#x17BC;&#x179A;&#x17C0;&#x1793;&#x179F;&#x17BC;&#x178F;&#x17D2;&#x179A; &#x1793;&#x17B7;&#x1784;&#x1780;&#x17B6;&#x179A;&#x178A;&#x17B9;&#x1784;&#x1780;&#x17C6;&#x17A0;&#x17BB;&#x179F;&#x1781;&#x17D2;&#x179B;&#x17BD;&#x1793;&#x17AF;&#x1784;&#x17D4; &#x1787;&#x17B6;&#x1796;&#x17B7;&#x179F;&#x17C1;&#x179F;&#x1787;&#x17BD;&#x1799;&#x178A;&#x17B6;&#x179F;&#x17CB;&#x179F;&#x17D2;&#x1798;&#x17B6;&#x179A;&#x178F;&#x17B8;&#x17A7;&#x17CF;&#x1796;&#x17BB;&#x1780;&#x1798;&#x17D2;&#x178F;&#x17B6;&#x1799;&#x17A2;&#x17C4;&#x1799;&#x1785;&#x17C1;&#x17C7;&#x179F;&#x17A0;&#x1780;&#x17B6;&#x179A;&#x1787;&#x17B6;&#x1798;&#x17BD;&#x1799;&#x179B;&#x17C4;&#x1780;&#x1782;&#x17D2;&#x179A;&#x17BC; &#x17A2;&#x17D2;&#x1793;&#x1780;&#x1782;&#x17D2;&#x179A;&#x17BC;&#x178A;&#x17BE;&#x1798;&#x17D2;&#x1794;&#x17B8;&#x1787;&#x17C0;&#x179F;&#x179A;&#x17B6;&#x1784;&#x1780;&#x17BB;&#x17C6;&#x17A2;&#x17C4;&#x1799;&#x1780;&#x17BC;&#x1793;&#x1781;&#x17BC;&#x1785; &#x17D4; </subfield>
  </datafield>
  <datafield tag="520" ind1=" " ind2=" ">
    <subfield code="a">This story is intended to educated children to try their best to be self-responsible for their personal material preparation, it helps parents to understand how to extendsound cooperation with their children's teachers in order that their children are not spoilt . </subfield>
  </datafield>
  <datafield tag="521" ind1="8" ind2=" ">
    <subfield code="a">500 
</subfield>
    <subfield code="b">Lexile estimate 
</subfield>
  </datafield>
  <datafield tag="521" ind1="8" ind2=" ">
    <subfield code="a">J 
</subfield>
    <subfield code="b">Raz-Plus 
</subfield>
  </datafield>
  <datafield tag="650" ind1=" " ind2=" ">
    <subfield code="a">&#x1781;&#x17D2;&#x1798;&#x17C5;&#x178A;&#x17C3;&#x1798;&#x17BD;&#x1799;&#x178A;&#x17BE;&#x1798;</subfield>
    <subfield code="v">&#x179A;&#x17BF;&#x1784;&#x1793;&#x17B7;&#x1791;&#x17B6;&#x1793;&#x1780;&#x17BB;&#x1798;&#x17B6;&#x179A;</subfield>
  </datafield>
  <datafield tag="650" ind1=" " ind2=" ">
    <subfield code="a">One pencil</subfield>
    <subfield code="v">Children's Stories </subfield>
  </datafield>
  <datafield tag="700" ind1=" " ind2=" ">
    <subfield code="a">Bunthorn, Theak</subfield>
    <subfield code="e">Illustrator </subfield>
  </datafield>
  <datafield tag="942" ind1=" " ind2=" ">
    <subfield code="2">ddc</subfield>
    <subfield code="c">KHB</subfield>
    <subfield code="n">0</subfield>
  </datafield>
  <datafield tag="999" ind1=" " ind2=" ">
    <subfield code="c">8629</subfield>
    <subfield code="d">8629</subfield>
  </datafield>
  <datafield tag="952" ind1=" " ind2=" ">
    <subfield code="0">0</subfield>
    <subfield code="1">0</subfield>
    <subfield code="2">ddc</subfield>
    <subfield code="4">0</subfield>
    <subfield code="7">0</subfield>
    <subfield code="8">Khmer-English Bilingual </subfield>
    <subfield code="a">002</subfield>
    <subfield code="b">002</subfield>
    <subfield code="c">TTP Khmer</subfield>
    <subfield code="d">2025-10-07</subfield>
    <subfield code="l">0</subfield>
    <subfield code="o">SEA PZ7 895</subfield>
    <subfield code="p">FIS04439</subfield>
    <subfield code="r">2025-10-07 10:17:33</subfield>
    <subfield code="t">1</subfield>
    <subfield code="w">2025-10-07</subfield>
    <subfield code="y">KHB</subfield>
  </datafield>
  <datafield tag="952" ind1=" " ind2=" ">
    <subfield code="0">0</subfield>
    <subfield code="1">0</subfield>
    <subfield code="2">ddc</subfield>
    <subfield code="4">0</subfield>
    <subfield code="7">0</subfield>
    <subfield code="8">Khmer-English Bilingual </subfield>
    <subfield code="a">002</subfield>
    <subfield code="b">002</subfield>
    <subfield code="c">TTP Khmer</subfield>
    <subfield code="d">2025-11-11</subfield>
    <subfield code="l">1</subfield>
    <subfield code="o">SEA PZ7 895</subfield>
    <subfield code="p">FIS04048</subfield>
    <subfield code="q">2026-03-11</subfield>
    <subfield code="r">2026-02-25 14:09:42</subfield>
    <subfield code="s">2026-02-25</subfield>
    <subfield code="t">2</subfield>
    <subfield code="w">2025-11-11</subfield>
    <subfield code="y">KHB</subfield>
  </datafield>
  <datafield tag="952" ind1=" " ind2=" ">
    <subfield code="0">0</subfield>
    <subfield code="1">0</subfield>
    <subfield code="2">ddc</subfield>
    <subfield code="4">0</subfield>
    <subfield code="7">0</subfield>
    <subfield code="8">Khmer-English Bilingual </subfield>
    <subfield code="a">002</subfield>
    <subfield code="b">002</subfield>
    <subfield code="c">TTP Khmer</subfield>
    <subfield code="d">2025-11-11</subfield>
    <subfield code="l">0</subfield>
    <subfield code="o">SEA PZ7 895</subfield>
    <subfield code="p">FISBK03913</subfield>
    <subfield code="r">2025-11-11 15:07:54</subfield>
    <subfield code="t">3</subfield>
    <subfield code="w">2025-11-11</subfield>
    <subfield code="y">KHB</subfield>
  </datafield>
</record>
